| 000 | 00489nam a2200169 i 4500 | ||
|---|---|---|---|
| 001 | 58942 | ||
| 003 | ES-MaACL | ||
| 005 | 20230906163926.0 | ||
| 007 | t| | ||
| 008 | 031024s1971 sp ||||1| spa d | ||
| 100 | 1 |
_aEguillor, Juan Carlos. _946761 |
|
| 245 | 1 | 0 |
_aAventuras de Mary Aguirre / _cJuan Carlos Eguillor. |
| 250 | _a[1ª ed.]. | ||
| 260 |
_a[Bilbao : _bComunicación Literaria de Autores, _c1971] |
||
| 300 |
_a54 h. : _bil. ; _c28 cm. |
||
| 852 |
_aES-MaACL _jC-43410 _bR.81892 |
||
| 999 |
_c58942 _d58942 |
||